Jacques Godefroy 1587-1652 et l'Humanisme juridique à Genève. Actes du colloque Jacques Godefroy

Gardado en:
Detalles Bibliográficos
Main Authors: Schmidlin, Bruno (Author), Dufour, Alfred (Author)
Formato: Libro
Idioma:francés
Publicado: Génova Helbing and Lichtenhahn 1991
Series:Collection Genevoise
Subjects:
Tags: Engadir etiqueta
Sen Etiquetas, Sexa o primeiro en etiquetar este rexistro!

MARC

LEADER 00000cam a2200000 a 4500
001 UCG6122
003 CL-VaPUC
008 110407e19910000IT |||||||||||||||||fre|d
020 |a 3719011232 
082 0 4 |a 340.1  |b SCH  |2 21 
100 0 |a Schmidlin, Bruno  |e author  |9 476330 
700 0 |a Dufour, Alfred  |e author  |9 556131 
245 1 0 |a Jacques Godefroy 1587-1652 et l'Humanisme juridique à Genève. Actes du colloque Jacques Godefroy 
300 |a 299 p 
942 |c BK 
945 |d 20110407 00:00:00  |a dcastane 
260 |a Génova  |b Helbing and Lichtenhahn  |c 1991 
600 0 7 |a GODEFROY, JACQUES  |2 CL-VaPUC  |9 556132 
650 7 |a HUMANISMO JURIDICO  |2 CL-VaPUC  |9 395778 
650 0 |a Derechos humanos  |9 223025 
650 0 |a Derechos fundamentales   |9 254841 
650 0 |a Filosofía del derecho   |9 255050 
650 7 |a FILOSOFIA POLITICA  |2 CL-VaPUC  |9 556133 
583 |a last modification  |c 20150305 10:57:08  |k Rodrigo Vera 
490 0 |a Collection Genevoise 
999 |c 344409  |d 344407 
952 |0 0  |1 0  |4 0  |6 340_100000000000000_SCH_1991  |7 0  |8 A  |9 442372  |a BIBDER  |b BIBDER  |d 2019-11-22  |i 4763548  |o 340.1 SCH 1991  |p 4763548  |r 2023-01-25  |w 2019-11-22  |y BK  |k DER